000 02040nam a2200337 a 4500
001 BRCA_2703
005 20190320203930.0
008 031208s1888----sp-a---###---#000-0#spa-u
041 _aspa
044 _asp
084 _a209
_b.G57
_c1888
100 1 _aCervantes Saavedra, Miguel de
_d1547-1616
_9213
245 1 0 _aEl Ingenioso Hidalgo Don Quijote de la Mancha
_bseguido de el Buscapíe
_cpor Miguel de Cervantes Saavedra.
250 _a4
260 _aBarcelona
_bF. Giró
_c1888
300 _a2 v.
_bil.
_c21 cm.
440 0 _aBiblioteca salvatella
_97646
500 _aContenido : v 1. Primera parte. Busto de Cervantes. Notas del editor. Dedicatoria del autor. Prólogo del autor. Versos preliminares. Texto. -- v 2. Segunda parte. Autógrafo facsímil de Cervantes. Dedicatoria del autor. Prólogo del autor. Texto. El Buscapié
500 _aEdición : Ilustrada con gran número de grabados y reproducción de cuadros famosos de autores contemporáneos
500 _aLinda edición, bien impresa. Reproducción de las que anteriormente publicó la Casa Salvatella, con la edición de El Buscapié, superchería de Adolfo de Castro. A los grabados de Johannot que adornan las otras ediciones, se han añadido en ésta algunos dibujos de varios autores españoles contemporáneos. Es una de las pocas ediciones que reproduce el escudo de la primera edición. Tela; con relieves y dorados; corte dorado también Lúdovik Osterc
500 _aEstado físico : Guarda del volumen 1 desprendida. El lomo del volumen 2 está desprendido casi en su totalidad
650 1 4 _aNovela española
_yÉpoca clásica, 1500-1700
_9215
650 1 4 _aLiteratura española
_yÉpoca clásica, 1500-1700
_9216
650 1 4 _aNovela española
_ySiglo XVII
_9217
650 1 4 _aDon Quijote (Personaje ficticio)
_eNovela
_9218
700 1 _aCastro y Rossi, Adolfo de
_d1823-1898
_eAnotador
_97647
700 1 _aJohannot, Tony
_d1803-1852
_eIlustrador
_97648
740 0 _aEl Ingenioso Hidalgo Don Quijote de la Mancha
902 _aQFM
942 _2lcc
_cB
999 _c2443
_d2443